[Event "Udaipur Lakecity op 3rd"]
[Site "Udaipur"]
[Date "2019.03.29"]
[Round "4"]
[White "Dhiraj, Patil"]
[Black "Hitesh, S Jariya"]
[Result "1-0"]
[WhiteElo "1425"]
[BlackElo "1871"]
[PlyCount "147"]
[EventDate "2019.03.28"]
[EventType "swiss"]
[EventRounds "8"]
[EventCountry "IND"]
[SourceTitle "CBM 189 Extra"]
[Source "ChessBase"]
[SourceDate "2019.06.03"]
[SourceVersion "1"]
[SourceVersionDate "2019.06.03"]
[SourceQuality "1"]

1. d4 Nf6 2. Bg5 c5 3. d5 Ne4 4. Bf4 e6 5. dxe6 fxe6 6. Nd2 Qf6 7. Nxe4 Qxf4 8. Nc3 Be7 9. e3 Qb4 10. Rb1 0-0 11. a3 Qa5 12. Bd3 Bf6 13. Qd2 Nc6 14. Nf3 d5 15. 0-0 c4 16. Be2 Bxc3 17. Qxc3 Qxc3 18. bxc3 b6 19. Nd4 Bd7 20. Bg4 Rae8 21. f4 Nb8 22. Nf3 Na6 23. Ne5 Ba4 24. Rf2 Nc5 25. Bf3 Re7 26. Rb4 Be8 27. h4 Na4 28. Rxa4 Bxa4 29. g3 Rc7 30. e4 Rc5 31. exd5 exd5 32. Rd2 Rd8 33. Kf2 Be8 34. Ke3 Bf7 35. Rd1 Be6 36. g4 Re8 37. Kd4 g6 38. Rg1 Ra5 39. f5 Bf7 40. fxg6 hxg6 41. Rf1 Rxe5 42. Kxe5 Rxa3 43. Kd4 Ra2 44. Rf2 a5 45. Bxd5 Bxd5 46. Kxd5 b5 47. Kc5 Rb2 48. Rf6 Kg7 49. Ra6 a4 50. Ra7+ Kf6 51. Ra6+ Kg7 52. Ra7+ Kh6 53. Ra6 Kh7 54. Ra7+ Kg8 55. g5 Rxc2 56. Kxb5 Rb2+ 57. Kxc4 Rh2 58. Rxa4 Rxh4+ 59. Kb3 Rh3 60. Re4 Kf7 61. Kc4 Rg3 62. Re5 Rf3 63. Kd4 Rf4+ 64. Kd5 Rf1 65. c4 Rd1+ 66. Kc6 Rc1 67. c5 Rc2 68. Kd6 Rd2+ 69. Rd5 Ra2 70. c6 Ra6 71. Kd7 Ra2 72. c7 Ra7 73. Kd8 Ke6 74. Rc5 1-0